judicial

Medidas contra la violencia economica y/o patrimonial (Registro nro. 6526)

Detalles MARC
000 -LEADER
fixed length control field 01345nam a22004457a 4500
003 - CONTROL NUMBER IDENTIFIER
control field OSt
005 - DATE AND TIME OF LATEST TRANSACTION
control field 20260408115939.0
007 - PHYSICAL DESCRIPTION FIXED FIELD--GENERAL INFORMATION
fixed length control field ta
008 - FIXED-LENGTH DATA ELEMENTS--GENERAL INFORMATION
fixed length control field 260408b2023 ag ||||| |||| 00| 0 spa d
020 ## - INTERNATIONAL STANDARD BOOK NUMBER
International Standard Book Number 9789507582172
040 ## - CATALOGING SOURCE
Transcribing agency cj catamarca
082 ## - DEWEY DECIMAL CLASSIFICATION NUMBER
Classification number 343.611.52 Or77m
100 10 - MAIN ENTRY--PERSONAL NAME
9 (RLIN) 164
Personal name Ortiz, Diego O.
245 10 - TITLE STATEMENT
Title Medidas contra la violencia economica y/o patrimonial
250 ## - EDITION STATEMENT
Edition statement 1º ed.
260 ## - PUBLICATION, DISTRIBUTION, ETC.
Place of publication, distribution, etc. CABA:
Name of publisher, distributor, etc. Juridicas,
Date of publication, distribution, etc. 2023
300 ## - PHYSICAL DESCRIPTION
Extent 476 p.
Dimensions 23 cm
500 ## - GENERAL NOTE
General note INVENTARIO Nº 8155
650 #7 - SUBJECT ADDED ENTRY--TOPICAL TERM
Source of heading or term SAIJ
653 ## - INDEX TERM--UNCONTROLLED
Uncontrolled term DERECHO PENAL
653 ## - INDEX TERM--UNCONTROLLED
Uncontrolled term VIOLENCIA FAMILIAR
653 ## - INDEX TERM--UNCONTROLLED
Uncontrolled term VIOLENCIA ECONOMICA
653 ## - INDEX TERM--UNCONTROLLED
Uncontrolled term VIOLENCIA PATRIMONIAL
653 ## - INDEX TERM--UNCONTROLLED
Uncontrolled term VIOLENCIA-MEDIDAS
653 ## - INDEX TERM--UNCONTROLLED
Uncontrolled term ALIMENTOS PROVISORIOS
653 ## - INDEX TERM--UNCONTROLLED
Uncontrolled term VIOLENCIA-ADOLESCENTE-MEDIDAS
653 ## - INDEX TERM--UNCONTROLLED
Uncontrolled term EXCLUSION DEL HOGAR
653 ## - INDEX TERM--UNCONTROLLED
Uncontrolled term ALIMENTOS-INCUMPLIMIENTO
653 ## - INDEX TERM--UNCONTROLLED
Uncontrolled term ALIMENTOS-INCUMPLIMIENTO-MEDIDAS
653 ## - INDEX TERM--UNCONTROLLED
Uncontrolled term ATRIBUCION-VIVIENDA
653 ## - INDEX TERM--UNCONTROLLED
Uncontrolled term VIOLENCIA ECONOMICA-PENAL
653 ## - INDEX TERM--UNCONTROLLED
Uncontrolled term ALIMENTOS-INCIDENTES
653 ## - INDEX TERM--UNCONTROLLED
Uncontrolled term VIOLENCIA-MEDIDAS CONMINATORIAS
653 ## - INDEX TERM--UNCONTROLLED
Uncontrolled term MEDIDAS-PATRIMONIO
653 ## - INDEX TERM--UNCONTROLLED
Uncontrolled term COMPENSACION ECONOMICA-MEDIDAS
653 ## - INDEX TERM--UNCONTROLLED
Uncontrolled term UNION CONVIVENCIAL
653 ## - INDEX TERM--UNCONTROLLED
Uncontrolled term PROCESO CIVIL-VIOLENCIA
856 ## - ELECTRONIC LOCATION AND ACCESS
Uniform Resource Identifier <a href="https://drive.google.com/file/d/18ASceeCaJ7VqqCrx7qvH0wA67NHL-vYB/view?usp=sharing">https://drive.google.com/file/d/18ASceeCaJ7VqqCrx7qvH0wA67NHL-vYB/view?usp=sharing</a>
942 ## - ADDED ENTRY ELEMENTS (KOHA)
Source of classification or shelving scheme Dewey Decimal Classification
Koha item type Book
Suppress in OPAC No
Existencias
Withdrawn status Lost status Source of classification or shelving scheme Damaged status Not for loan Home library Current library Date acquired Source of acquisition Total Checkouts Full call number Barcode Date last seen Price effective from Koha item type
    Dewey Decimal Classification     PJCB PJCB 04/08/2026 Compra   343.611.52 Or77m 8155 04/08/2026 04/08/2026 Book
-->
  •  poder judicial

    Con tecnología Koha